Veränderte Hauptstädte - Statistiken

Allgemein
  • Dieses Quiz wurde 73 mal gespielt
    5 seit der letzten Aktualisierung
  • Das Durchschnittsergebnis liegt bei 15 aus 21
Antwortstatistiken
Antwort % Korrekt
Astana
100%
Auckland
100%
Berlin
100%
Istanbul
100%
Moskau
100%
Peking
100%
Philadelphia
100%
Rabat
100%
Stockholm
100%
Kopenhagen
80%
Rio de Janeiro
80%
Abuja
60%
Belize Stadt
60%
Colombo
60%
Kabul
60%
Abidjan
40%
Dar es Salaam
40%
Edo (Tokyo)
40%
Rangun
40%
Rom
40%
Ciudad de la Paz
0%
Keine übereinstimmenden Quizze gefunden
Verteilung der Resultate
Anzahl Personen mit jedem Resultat
Perzentil nach korrekt beantworteten Fragen
Ihre Resultats-Entwicklung
Sie haben dieses Quiz seit der letzten Aktualisierung nicht gespielt